000 01421nam a22003737a 4500
003 CHAP
005 20220329143339.0
008 081023s2007 mx r 00010 spa d
010 _a95305
011 _a96277
035 _a106924
040 _cCHAP
090 _aTesis
100 1 _aGómez Ruiz, Walter Jorge.
_949886
245 1 3 _aLa caprinocultura como elemento articulador del desarrollo rural en el Altiplano Potosino
_c/por M.I.M. Walter Jorge Gómez Ruiz
260 _aSan Luis Potosi, Méx. :
_bEl autor,
_c2007
300 _aix, 173 h. :
_bilus., cuadros, gráfs.
502 _aTesis (Dr. en Ciencias Ambientales) -- UASLP. Facultad de Ciencias Químicas, Ingeniería y Medicina
590 _aALEPH
_b10
_c20130110
_lUCH01
_h1525
590 _aBATCH-UPD
_b10
_c20130110
_lUCH01
_h0203
590 _aBATCH-UPD
_b10
_c20130110
_lUCH01
_h1634
590 _aBATCH-UPD
_b10
_c20130410
_lUCH01
_h1026
590 _aBATCH-UPD
_b10
_c20130914
_lUCH01
_h0848
590 _aCONVERSION
_b10
_c20130109
_lUCH01
_h1353
650 1 4 _aCarne de cabra
_xConsumo.
_919130
650 1 4 _aDesarrollo de la comunidad
_zSan Luis Potosí.
_931989
650 1 4 _aGanado cabrío
_xDestete.
_945003
650 1 4 _aGanado cabrío
_xSan Luis Potosí.
_945044
650 1 4 _aLeche de cabra
_xProducción.
_965427
901 _aBK
905 _aluisgm
942 _cTESIS
949 _aTesis
_bBC
_cTES
_d33724002073850
_eTS1
_gDonaciØn
_h48415
_i106924
_sb
999 _c95305
_d95305